Адиабатические испарители в схемах получения чистой воды и очистки сточных вод; Техника и технология очистки и контроля качества воды

Dades bibliogràfiques
Parent link:Техника и технология очистки и контроля качества воды.— 1999.— С. 150-152
Altres autors: Миносов А. Л., Похолков Ю. П. Юрий Петрович, Юрченко В. И., Яук Э. Ф.
Idioma:rus
Publicat: 1999
Matèries:
Format: MixedMaterials Capítol de llibre
KOHA link:https://koha.lib.tpu.ru/cgi-bin/koha/opac-detail.pl?biblionumber=227596

MARC

LEADER 00000naa2a2200000 4500
001 227596
005 20240914063139.0
035 |a (RuTPU)RU\TPU\book\248031 
035 |a RU\TPU\book\51800 
090 |a 227596 
100 |a 20121208d1999 k y0rusy50 ca 
101 0 |a rus 
102 |a RU 
200 1 |a Адиабатические испарители в схемах получения чистой воды и очистки сточных вод  |f А. Л. Миносов [и др.] 
320 |a Библиогр.: 1 назв. 
463 1 |0 (RuTPU)RU\TPU\book\12298  |t Техника и технология очистки и контроля качества воды  |o Труды международной научно-технической конференции, 28-30 сентября 1999 г., г. Томск  |f Томский политехнический университет  |v С. 150-152  |d 1999  |p 272 с. 
610 1 |a труды учёных ТПУ 
675 |a 504.4(063)  |v 3 
701 1 |a Миносов  |b А. Л. 
701 1 |a Похолков  |b Ю. П.  |c специалист в области электротехники, доктор технических наук  |c ректор Томского политехнического университета (1990-2008), профессор  |f 1939-  |g Юрий Петрович  |x TPU  |y Томск  |3 (RuTPU)RU\TPU\pers\10508  |9 2235 
701 1 |a Юрченко  |b В. И. 
701 1 |a Яук  |b Э. Ф. 
801 1 |a RU  |b 63413507  |c 20021018  |g PSBO 
801 2 |a RU  |b 63413507  |c 20121208  |g PSBO 
942 |c BK